The environmental management systems as a competitive advantage tool for organizations (Record no. 78065)

000 -LEADER
fixed length control field 00474pab a2200169 454500
008 - FIXED-LENGTH DATA ELEMENTS--GENERAL INFORMATION
fixed length control field 180718b2008 xxu||||| |||| 00| 0 eng d
100 ## - MAIN ENTRY--PERSONAL NAME
Personal name Chong, Hock Guan
245 ## - TITLE STATEMENT
Title The environmental management systems as a competitive advantage tool for organizations
260 ## - PUBLICATION, DISTRIBUTION, ETC.
Date of publication, distribution, etc. 2008
300 ## - PHYSICAL DESCRIPTION
Extent p.70-79.
362 ## - DATES OF PUBLICATION AND/OR SEQUENTIAL DESIGNATION
Dates of publication and/or sequential designation Oct-Mar
650 ## - SUBJECT ADDED ENTRY--TOPICAL TERM
Topical term or geographic name entry element Organizations
650 ## - SUBJECT ADDED ENTRY--TOPICAL TERM
Topical term or geographic name entry element Environmental management
773 ## - HOST ITEM ENTRY
Main entry heading Journal of Accounting and Finance
908 ## - PUT COMMAND PARAMETER (RLIN)
Put command parameter N
909 ## -
-- 78065
Holdings
Withdrawn status Lost status Damaged status Not for loan Permanent Location Current Location Date acquired Serial Enumeration / chronology Barcode Date last seen Price effective from Koha item type
        Indian Institute of Public Administration Indian Institute of Public Administration 2018-07-19 Volume no: 22, Issue no: 1 AR78525 2018-07-19 2018-07-19 Articles

Powered by Koha